ドボンクイズ〜日本のナンバープレート〜 - Statistics

General Stats
  • This quiz has been taken 525 times
  • The average score is 9 of 32
Answers on the Grid
Answers color-coded by a green-red scale on the quiz's grid according to % correct below.
函館
北見
稚内
知床
十勝
室蘭
弘前
平泉
花巻
石巻
鶴岡
庄内
白河
会津若松
つくば
土浦
日光
栃木
前橋
さいたま
秩父
所沢
春日部
越谷
市川
木更津
市原
世田谷
千代田
立川
新宿
渋谷
町田
相模
山梨
諏訪
安曇野
上田
飛騨高山
伊豆
富士
豊橋
春日井
三河
犬山
伊賀
鈴鹿
大津
宇治
江戸川
難波
兵庫
丹波
明日香
米子
松江
出雲
福山
松山
筑紫
奄美
石垣
 
Answer Stats
Answer % Correct
春日部
38%
つくば
36%
函館
35%
世田谷
34%
土浦
33%
相模
33%
所沢
31%
奄美
31%
春日井
30%
平泉
29%
知床
28%
前橋
28%
三河
28%
鈴鹿
28%
福山
28%
市川
27%
北見
26%
越谷
26%
諏訪
26%
出雲
26%
室蘭
25%
伊豆
25%
豊橋
25%
庄内
24%
山梨
23%
弘前
22%
十勝
21%
白河
21%
江戸川
21%
市原
20%
安曇野
18%
日光
17%
No matching quizzes found
Score Distribution
Percent of People with Each Score
Percentile by Number Answered
Your Score History
You have not taken this quiz